| 000 | 00655nam a2200205 4500 | ||
|---|---|---|---|
| 003 | LK-CoMWRAF | ||
| 005 | 20231201123219.0 | ||
| 008 | 230902b1993 |||||||| |||| 00| 0 eng d | ||
| 020 | _a9559180032 | ||
| 040 |
_aLK-CoMWRAF _dLK-CoMWRAF _eLK-CoMWRAF |
||
| 041 | _asin | ||
| 082 |
_a494.81 _bRAJ |
||
| 100 | _aරාජ්ය භාෂා දෙපාර් තමේන්තුව | ||
| 245 | _aසිංහලෙන් දෙමළ | ||
| 246 | _aSinhalen demala | ||
| 300 |
_aකොළඹ _bලේක්හවුස් පබ්ලිෂර් ස් _c1993 |
||
| 650 | _aදෙමළ භාෂාව | ||
| 650 | _aTamil language | ||
| 942 | _cBK | ||
| 999 |
_c3364 _d3364 |
||